000 00292nam a2200121Ia 4500
008 190216s9999||||xx |||||||||||||| ||und||
100 _aVidyaniwas Mishra
245 0 _aHindi-Rahiman Panee Rakhiye
260 _bParambara Publication
_c2007
300 _a198
650 _aHindi
942 _cBK
999 _c16424
_d16424